[Event "Dvorkovich Mem 2013"]
[Site "Taganrog RUS"]
[Date "2013.01.17"]
[Round "3.5"]
[White "Volkov, Sergey1"]
[Black "Dobrov, V."]
[Result "0-1"]
[WhiteElo "2590"]
[BlackElo "2524"]
[PlyCount "120"]
[EventDate "2013.01.15"]
[SourceDate "1999.07.01"]

1. d4 Nf6 2. c4 c5 3. d5 b5 4. Nf3 b4 5. g3 g6 6. a3 Bg7 7. Bg2 d6 8. axb4 cxb4
9. Qa4+ Nfd7 10. Qxb4 Na6 11. Qa5 Qxa5+ 12. Rxa5 Nac5 13. Nfd2 Rb8 14. Rxa7
Bxb2 15. Bxb2 Rxb2 16. O-O O-O 17. Rd1 Ba6 18. Nc3 Rfb8 19. Nce4 Kf8 20. Bh3 f5
21. Ng5 h6 22. Ne6+ Nxe6 23. dxe6 Nc5 24. g4 fxg4 25. Bxg4 Ra2 26. Rc7 Bc8 27.
Rxc5 dxc5 28. Ne4 Kg7 29. Nxc5 Rc2 30. Nd7 Rb4 31. Ne5 Kf6 32. Nd7+ Kg7 33. Ne5
h5 34. Bf3 Bxe6 35. Kg2 Kf6 36. Nxg6 Kxg6 37. Be4+ Bf5 38. Bxc2 Bxc2 39. Rd4 e6
40. Kg3 Bb3 41. Re4 Bxc4 42. f3 Ra4 43. h4 Kf5 44. Rf4+ Ke5 45. e3 Bb5 46. Rf8
Bd3 47. e4 Ra3 48. Kf2 Ra2+ 49. Ke3 Bb5 50. f4+ Kd6 51. Rh8 Ra3+ 52. Kf2 Bc6
53. f5 exf5 54. Rh6+ Kc5 55. e5 Rf3+ 56. Kg1 Be4 57. e6 Kd6 58. Rxh5 Kxe6 59.
Rh6+ Ke5 60. h5 Rh3 0-1

[Event "Dvorkovich Mem 2013"]
[Site "Taganrog RUS"]
[Date "2013.01.19"]
[Round "5.2"]
[White "Sjugirov, S."]
[Black "Dobrov, V."]
[Result "1/2-1/2"]
[WhiteElo "2643"]
[BlackElo "2524"]
[PlyCount "143"]
[EventDate "2013.01.15"]
[SourceDate "1999.07.01"]

1. d4 Nf6 2. c4 c5 3. d5 b5 4. cxb5 a6 5. bxa6 g6 6. Nc3 Bxa6 7. Nf3 d6 8. g3
Qa5 9. Bd2 Bg7 10. Bg2 O-O 11. O-O Nbd7 12. Rb1 Bb7 13. h3 Qc7 14. e4 Nb6 15.
b3 e6 16. dxe6 Nxe4 17. exf7+ Rxf7 18. Nxe4 Bxe4 19. Ng5 Bxg2 20. Kxg2 Re7 21.
a4 h6 22. Nf3 Rf7 23. Kg1 Qd7 24. Nh2 Qxh3 25. Qg4 Qxg4 26. Nxg4 h5 27. Nh6+
Bxh6 28. Bxh6 Rb7 29. Rfe1 Kf7 30. Bg5 Nc8 31. Re4 Ne7 32. Bxe7 Rxe7 33. Rf4+
Ke6 34. b4 Rxa4 35. bxc5 Rxf4 36. cxd6 Ref7 37. gxf4 Rxf4 38. Rb6 Rd4 39. d7+
Kf7 40. Rb7 Ke7 41. d8=Q+ Kxd8 42. Rg7 Rg4+ 43. Kh2 Ke8 44. Kh3 Kf8 45. Ra7 Rf4
46. Kg3 Rf7 47. Ra6 Kg7 48. f3 Rf6 49. Ra5 Kh6 50. Rb5 g5 51. Rb8 Kg6 52. Ra8
h4+ 53. Kg2 Re6 54. Rg8+ Kf5 55. Rf8+ Rf6 56. Ra8 Rd6 57. Rf8+ Ke5 58. Re8+ Re6
59. Ra8 Rd6 60. Re8+ Kf6 61. Rf8+ Kg7 62. Ra8 Rd2+ 63. Kh3 Rf2 64. Kg4 Rg2+ 65.
Kf5 h3 66. Ra7+ Kh6 67. Ra8 Kg7 68. Ra7+ Kf8 69. Rh7 h2 70. Kf6 Kg8 71. Rh3 g4
72. fxg4 1/2-1/2

[Event "Dvorkovich Mem 2013"]
[Site "Taganrog RUS"]
[Date "2013.01.21"]
[Round "7.1"]
[White "Kryakvin, D."]
[Black "Dobrov, V."]
[Result "1-0"]
[WhiteElo "2586"]
[BlackElo "2524"]
[PlyCount "125"]
[EventDate "2013.01.15"]
[SourceDate "1999.07.01"]

1. d4 Nf6 2. c4 c5 3. d5 b5 4. Nd2 b4 5. e4 d6 6. Ngf3 g6 7. b3 Bg7 8. Bb2 O-O
9. Bd3 e5 10. O-O Nh5 11. g3 Bg4 12. Be2 Bh3 13. Re1 a5 14. a4 Ra7 15. Kh1 Bc8
16. Ng1 Bh6 17. Rf1 Nf4 18. gxf4 Bxf4 19. Ngf3 f5 20. Rg1 Rg7 21. Bd3 g5 22.
Nf1 fxe4 23. Bxe4 g4 24. Ne1 Bxh2 25. Nxh2 Rxf2 26. Rg2 Rf4 27. Qe2 g3 28. Nd3
Rh4 29. Rag1 Bg4 30. Qd2 gxh2 31. Rxh2 Nd7 32. Qf2 Rxh2+ 33. Qxh2 Qf6 34. Rg3
Qf1+ 35. Qg1 Qe2 36. Qe1 Bf3+ 37. Bxf3 Qxe1+ 38. Nxe1 Rxg3 39. Kh2 Rg7 40. Ng2
Rf7 41. Kg3 Rg7+ 42. Kf2 Rf7 43. Ke2 Kg7 44. Bg4 Nf8 45. Ne3 Rf4 46. Bc1 Kf6
47. Bf3 Rd4 48. Nf1 e4 49. Bg2 Ng6 50. Ng3 Ke5 51. Nh5 Rd3 52. Bb2+ Kf5 53.
Bxe4+ Kxe4 54. Nf6+ Kf5 55. Kxd3 Nf4+ 56. Ke3 Ng2+ 57. Kf3 Nh4+ 58. Kg3 Ng6 59.
Ne8 Ke4 60. Nxd6+ Kd3 61. Nb7 Kc2 62. Bg7 Ne7 63. Nxc5 1-0

[Event "40th Olympiad Open"]
[Site "Istanbul TUR"]
[Date "2012.08.31"]
[Round "4.10"]
[White "Peralta, Fe"]
[Black "Leon Hoyos, M."]
[Result "1/2-1/2"]
[WhiteElo "2606"]
[BlackElo "2579"]
[PlyCount "61"]
[EventDate "2012.08.28"]
[SourceDate "1999.07.01"]
[WhiteTeam "Argentina"]
[BlackTeam "Mexico"]
[WhiteTeamCountry "ARM"]
[BlackTeamCountry "SUR"]

1. d4 Nf6 2. c4 c5 3. d5 b5 4. cxb5 a6 5. bxa6 g6 6. Nc3 Bxa6 7. g3 d6 8. Bg2
Bg7 9. Nf3 Nfd7 10. O-O Nb6 11. Qc2 N8d7 12. Rd1 O-O 13. Rb1 Nc4 14. Nd2 Qa5
15. Nxc4 Bxc4 16. Bd2 Bxa2 17. Ra1 Bxc3 18. Bxc3 Qb5 19. Qd2 Bb3 20. Re1 Nb6
21. Qh6 f6 22. e4 Na4 23. Bh3 e5 24. dxe6 Qe8 25. Qd2 Bxe6 26. Bg2 Nxc3 27.
Qxc3 Rxa1 28. Rxa1 Qe7 29. b4 cxb4 30. Qxb4 Bf7 31. Rd1 1/2-1/2

[Event "Platonov Memorial 2012"]
[Site "Rockville USA"]
[Date "2012.08.01"]
[Round "5.1"]
[White "Kaidanov, G."]
[Black "Alburt, L."]
[Result "1-0"]
[WhiteElo "2586"]
[BlackElo "2550"]
[PlyCount "65"]
[EventDate "2012.07.28"]
[SourceDate "1999.07.01"]

1. d4 Nf6 2. c4 c5 3. d5 b5 4. cxb5 a6 5. bxa6 g6 6. Nc3 Bg7 7. e4 O-O 8. Nf3
d6 9. Be2 Bxa6 10. O-O Qb6 11. h3 Nbd7 12. Re1 Ne8 13. Bxa6 Rxa6 14. Re2 Nc7
15. Bf4 Qb4 16. Rc1 Rb8 17. a3 Qc4 18. Qd2 Rab6 19. Rc2 Bxc3 20. Rxc3 Qa2 21.
Rc2 f6 22. Qc1 Rb3 23. Kh2 Nb5 24. Re3 Rxe3 25. Bxe3 Qb3 26. Nd2 Qd3 27. b4 Nd4
28. Rc3 Qe2 29. bxc5 dxc5 30. Rxc5 Nxc5 31. Qxc5 e5 32. dxe6 Nxe6 33. Qd6 1-0

[Event "30th Andorra Open"]
[Site "Erts-La Massana AND"]
[Date "2012.07.26"]
[Round "6.1"]
[White "Hammer, J."]
[Black "Kogan, Ar"]
[Result "1-0"]
[WhiteElo "2638"]
[BlackElo "2587"]
[PlyCount "96"]
[EventDate "2012.07.21"]
[SourceDate "1999.07.01"]

1. d4 Nf6 2. c4 c5 3. d5 b5 4. cxb5 a6 5. bxa6 g6 6. Nc3 Bxa6 7. e4 Bxf1 8.
Kxf1 d6 9. g3 Bg7 10. Kg2 O-O 11. Nf3 Na6 12. Qe2 Qb6 13. Bg5 h6 14. Bxf6 Bxf6
15. e5 dxe5 16. Nxe5 Qb7 17. Rad1 e6 18. Rhe1 Nb4 19. Qf3 Bxe5 20. Rxe5 Nxd5
21. b3 Qb8 22. Nxd5 Qxe5 23. Nf6+ Kg7 24. Nd7 Qb2 25. Nxf8 Rxf8 26. a4 Rb8 27.
Rd7 Qf6 28. Qe3 c4 29. bxc4 Rb4 30. a5 Rxc4 31. a6 e5 32. a7 Qc6+ 33. Qf3 Qxf3+
34. Kxf3 Ra4 35. Ke3 Kf6 36. Kd3 Ke6 37. Rb7 f5 38. Kc3 Kd5 39. Kb3 Ra1 40. Kb4
Ke4 41. Rc7 f4 42. f3+ Kf5 43. Kb5 fxg3 44. hxg3 h5 45. Kb6 g5 46. Rf7+ Ke6 47.
Rf8 e4 48. fxe4 Ra6+ 1-0

[Event "Turkish Bank Chess League 2012"]
[Site "Konya TUR"]
[Date "2012.07.16"]
[Round "7"]
[White "Cmilyte, V."]
[Black "Rasulov, Vu"]
[Result "1/2-1/2"]
[WhiteElo "2525"]
[BlackElo "2515"]
[PlyCount "85"]
[EventDate "2012.07.11"]
[SourceDate "1999.07.01"]
[WhiteTeam "Denizli Er Bakir"]
[BlackTeam "Antalya Calli"]

1. d4 Nf6 2. c4 c5 3. d5 b5 4. cxb5 a6 5. bxa6 g6 6. Nc3 Bxa6 7. e4 Bxf1 8.
Kxf1 d6 9. g3 Bg7 10. Kg2 O-O 11. Nf3 Nbd7 12. a4 Ra6 13. Qc2 Qa8 14. Nb5 Qb7
15. Bg5 h6 16. Bxf6 Nxf6 17. Rad1 e6 18. b3 exd5 19. exd5 Re8 20. Qd3 Re4 21.
Rhe1 Rb4 22. Kg1 Bf8 23. Nh4 Qd7 24. Ng2 Qf5 25. Ne3 Qf3 26. h3 Ne4 27. Rf1 Ng5
28. Nc4 Rxb3 29. Qxf3 Nxf3+ 30. Kg2 Rxa4 31. Nbxd6 Nd4 32. Ra1 Rbb4 33. Rxa4
Rxa4 34. Rb1 Rb4 35. Ra1 Nf5 36. Ra8 Nxd6 37. Nxd6 Rd4 38. Ne8 Kh7 39. Ra7 Kg8
40. Rc7 c4 41. Rc6 Bb4 42. d6 c3 43. Rc8 1/2-1/2